000 01057nam a2200313 4500
001 177992
003 ES-MaACL
005 20250830062322.0
008 110511s2009 sp a |||| | spa d
017 _aM.25.575-2009
020 _a9788430949021
080 _a322(4)"12/14"
080 _a2:32
100 1 _aBayona Aznar, Bernardo.
_9146475
245 1 3 _aEl origen del estado laico desde la Edad Media /
_cBernardo Bayona Aznar.
260 _aMadrid :
_bTecnos,
_c[2009]
300 _a423 p. :
_bil. ;
_c23 cm.
490 1 _aBiblioteca de historia y pensamiento político
500 _aÍndice onomástico.
504 _aBibligrafía: p. [391]-416.
650 7 _aIglesia y Estado-
_zEuropa-
_yS.V-XV.
_9146476
650 0 4 _aPolítica-
_xFilosofía
_916274
650 0 7 _aTeología política
_2embne
_917473
830 0 _aBiblioteca de historia y pensamiento político
_9189262
852 _aES-MaACL
_9184851
_bR.145639
_jA-11152
_dOlim: N-4157
_cDEPO1
942 _2udc
_cMONOGRAFIA
999 _c177992
_d177992